Movie Character Blitz VI Quiz Stats

 Plays Quiz Updated Jul 13, 2018

Support Sporcle.
Go Orange.
Score 0/16 Timer 01:00
3 Plays Today
% Correct
Wolverine
93.5%
Ace Ventura
91.8%
Morticia Addams
89.9%
Django
89.9%
Kevin McCallister
88.8%
Gunnery Sergeant Hartman
78%
Juror #8
77.7%
Mathilda
69.6%
% Correct
Snake Plissken
67.8%
Marge Gunderson
65.7%
George Bailey
64.5%
Lisbeth Salander
64%
Norma Desmond
61.1%
Alex DeLarge
60.2%
Randle McMurphy
58.3%
Imperator Furiosa
56.9%

You're not logged in!

Compare scores with friends on all Sporcle quizzes.
OR
Log In

From the Vault

Alliterative People

by rer2121

Porky Pig and Roger Rabbit play racquetball pretty regularly. At least in an alliterative world that's the case.
Remove Ads.
Support Sporcle.
Get the best of Sporcle when you Go Orange. This ad-free experience offers more features, more stats, and more fun while also helping to support Sporcle. Thank you for becoming a member.

Show Comments

Extras

Top Quizzes Today


Score Distribution

Your Account Isn't Verified!

In order to create a playlist on Sporcle, you need to verify the email address you used during registration. Go to your Sporcle Settings to finish the process.

Report this User

Report this user for behavior that violates our Community Guidelines.

Details: